Chile solidario y los desafíos de la igualdad: proyecto género, pobreza y empleo /
Analiza desde una dimensión de género el Sistema de Protección Social Chile Solidario, política que se ha puesto en marcha en Chile con el propósito de erradicar la extrema pobreza. El texto se organiza en cuatro apartados, el primero analiza el Sistema Chile Solidario como política innovadora para...
Պահպանված է:
| Հիմնական հեղինակ: | |
|---|---|
| Այլ հեղինակներ: | |
| Ձևաչափ: | Անհայտ |
| Լեզու: | Spanish |
| Հրապարակվել է: |
Chile:
OIT ; PNUD
2005
|
| Խորագրեր: | |
| Ցուցիչներ: |
Ավելացրեք ցուցիչ
Չկան պիտակներ, Եղեք առաջինը, ով նշում է այս գրառումը!
|
MARC
| LEADER | 00000 a2200000 04500 | ||
|---|---|---|---|
| 001 | 48185 | ||
| 003 | cru CIDCACS/IIS | ||
| 005 | 20230626100835.0 | ||
| 008 | 050627s2005 cl spa d | ||
| 020 | |a 92-2-311728-6 | ||
| 040 | |c cru CIDCACS/IIS | ||
| 090 | |a 05.03.03 R594ch | ||
| 100 | |a Riquelme, Verónica | ||
| 245 | |a Chile solidario y los desafíos de la igualdad: |b proyecto género, pobreza y empleo / |c Verónica Riquelme, María Elena Valenzuela | ||
| 260 | |a Chile: |b OIT ; PNUD |c 2005 | ||
| 300 | |a 280 páginas |b tablas, gráficos | ||
| 520 | |a Analiza desde una dimensión de género el Sistema de Protección Social Chile Solidario, política que se ha puesto en marcha en Chile con el propósito de erradicar la extrema pobreza. El texto se organiza en cuatro apartados, el primero analiza el Sistema Chile Solidario como política innovadora para erradicar la pobreza. El segundo capítulo presenta una serie de propuestas para fortalecer los componentes de género en dicha política. En el tercer apartado, se realiza una caracterización de la población y las familias que atiende Chile Solidario. El cuarto capítulo finaliza con la revisión de la experiencia local en dos comunas de la Región Metropolitana de Chile. Se plantea que existe una estrecha relación entre los fenómenos de la pobreza, discriminación y falta de empleo. | ||
| 650 | 1 | 0 | |9 284 |a POBREZA |
| 650 | 1 | 0 | |9 86 |a DISCRIMINACION BASADA EN EL GENERO |
| 650 | 1 | 0 | |9 964 |a GENERO |
| 650 | 4 | |9 1844 |a DESEMPLEO | |
| 650 | 1 | 0 | |9 289 |a POLITICA SOCIAL |
| 651 | 1 | 0 | |9 135 |a CHILE |
| 700 | |a Valenzuela, María Elena | ||
| 942 | |2 z |c LI |h 05.03.03 R594ch |i 14546 |6 050303_R594CH_14546 | ||
| 999 | |c 13776 |d 13776 | ||
